000 00658nam a2200265Ia 4500
005 20260121172823.0
008 008 260114s9999 xx 000 0 eng d
020 _a9783030771393
037 _aEBOOK
040 _aCRL
040 _beng
040 _cCRL
041 _2eng
041 _aeng
084 _qCRL
100 _aAlina Sînt?m?rian, Ovidiu Furdui
_91093150
245 0 _aSharpening Mathematical Analysis Skills
260 _bSpringer
260 _bSpringer
260 _c2021
856 _uhttps://link.springer.com/openurl?genre=book&isbn=978-3-030-77139-3
942 _cEBOOK
999 _c1658891
_d1658891